Statistics for Random 'Top and Tail' Word Quiz - M

Click here to take the quiz!

General Stats

  • This quiz has been taken 69 times
  • The average score is 8 of 20

Answer Stats

HintLettersAnswer% Correct
Informal terms for a mother3Mum
100%
institution that displays historical collections6Museum
100%
Span of 1000 years10Millennium
90%
Polite address for a woman5Madam
89%
In the middle between upper and lower extremes6Medium
89%
Smallest possible quantity7Minimum
88%
Follower of Islam6Muslim
88%
Large wine bottle6Magnum
86%
Device for connecting a computer to a telephone line 5Modem
86%
Belief in a single God10Monotheism
83%
Injure or wound seriously4Maim
80%
Large burial chamber, usually above ground9Mausoleum
71%
System of parts working together in a machine9Mechanism
67%
Biblical sister of Moses6Miriam
60%
Musical half-note5Minim
58%
Chemical element with the atomic number 129Magnesium
50%
Violent and needless disturbance6Mayhem
50%
Desire for wealth and possessions11Materialism
43%
Chemical processes in a body needed to maintain life10Metabolism
43%
Product of a body's mass and velocity8Momentum
43%
Fleshy, fruiting body of a fungus; toadstool8Mushroom
43%
Death as a result of an adherence to a cause9Martyrdom
40%
Inventor of the first automatic machine gun5Maxim
33%
Ability to attract and charm people9Magnetism
30%
German city at the confluence of the Rhine and Neckar8Mannheim
30%
Motif of a person's initials used as a logo8Monogram
29%
Ray of light from the earth's satellite8Moonbeam
29%
Suspension of an ongoing activity10Moratorium
25%
Middle muscular layer of the heart wall10Myocardium
25%
Broken stone, bound with tar, used to surface roads7Macadam
22%
Note recording something for future use10Memorandum
20%
US actor and star of 'El Dorado'; Robert7Mitchum
20%
Machine on which you can do several different exercises8Multigym
20%
Metallic element with the atomic number 4210Molybdenum
17%
Storage medium bearing a miniature copy of printed matter9Microfilm
15%
Ideas shared by most people and regarded as normal10Mainstream
13%
Mistaken use of a word in place of a similar-sounding one11Malapropism
13%
Larva of any of the darkling beetles8Mealworm
13%
Give a false or misleading account9Misinform
13%
Powerful, circular current of water9Maelstrom
11%
Motherly care11Maternalism
11%
Darkness of skin due to a high degree of pigmentation8Melanism
11%
Mediterranean herb used for culinary purposes8Marjoram
9%
Small or moderate or token amount7Modicum
9%
Coarse grass found on sandy beaches6Marram
0%
Miniature model of something; little world9Microcosm
0%
Middle of a river where the water flows fastest9Midstream
0%
Asceticism as a form of religious life; usually in a community11Monasticism
0%

Score Distribution

Percentile by Number Answered

Percent of People with Each Score

Your Score History

You have not taken this quiz